<?xml version="1.0" encoding="UTF-8"?><?xml-stylesheet type="text/xsl" href="static/style.xsl"?><OAI-PMH xmlns="http://www.openarchives.org/OAI/2.0/" xmlns:xsi="http://www.w3.org/2001/XMLSchema-instance" xsi:schemaLocation="http://www.openarchives.org/OAI/2.0/ http://www.openarchives.org/OAI/2.0/OAI-PMH.xsd"><responseDate>2026-04-17T05:39:17Z</responseDate><request verb="GetRecord" identifier="oai:www.recercat.cat:20.500.14342/4844" metadataPrefix="marc">https://recercat.cat/oai/request</request><GetRecord><record><header><identifier>oai:recercat.cat:20.500.14342/4844</identifier><datestamp>2025-11-06T09:20:49Z</datestamp><setSpec>com_2072_482405</setSpec><setSpec>com_2072_183628</setSpec><setSpec>col_2072_482411</setSpec></header><metadata><record xmlns="http://www.loc.gov/MARC21/slim" xmlns:dcterms="http://purl.org/dc/terms/" xmlns:xsi="http://www.w3.org/2001/XMLSchema-instance" xmlns:doc="http://www.lyncode.com/xoai" xsi:schemaLocation="http://www.loc.gov/MARC21/slim http://www.loc.gov/standards/marcxml/schema/MARC21slim.xsd">
   <leader>00925njm 22002777a 4500</leader>
   <datafield ind2=" " ind1=" " tag="042">
      <subfield code="a">dc</subfield>
   </datafield>
   <datafield ind2=" " ind1=" " tag="720">
      <subfield code="a">Aznar-Martínez, Berta</subfield>
      <subfield code="e">author</subfield>
   </datafield>
   <datafield ind2=" " ind1=" " tag="720">
      <subfield code="a">Grané-Morcillo, Jaume</subfield>
      <subfield code="e">author</subfield>
   </datafield>
   <datafield ind2=" " ind1=" " tag="720">
      <subfield code="a">Lorente-De-Sanz, Judith</subfield>
      <subfield code="e">author</subfield>
   </datafield>
   <datafield ind2=" " ind1=" " tag="720">
      <subfield code="a">Pérez-Testor, Carles</subfield>
      <subfield code="e">author</subfield>
   </datafield>
   <datafield ind2=" " ind1=" " tag="720">
      <subfield code="a">Castillo Garayoa, José Antonio</subfield>
      <subfield code="e">author</subfield>
   </datafield>
   <datafield ind2=" " ind1=" " tag="260">
      <subfield code="c">2024-01</subfield>
   </datafield>
   <datafield ind2=" " ind1=" " tag="520">
      <subfield code="a">Background. Gender equality education in schools is the most effective tool to combat inequality and gender-based&#xd;
violence (GBV). Teachers often lack the necessary equality knowledge and skills. Objective. The aim of this study was to&#xd;
develop, implement and evaluate the effectiveness of a pilot gender equality programme for prospective teachers. Method.&#xd;
Data was collected from a sample of 113 university students of Early Childhood Education (41.6%) and Primary Education&#xd;
(58.4%) degrees, aged between 21 and 40 years (M=22.46; SD=2.45). Through a longitudinal design, the effectiveness&#xd;
of the training programme was analysed in the following topics: coeducational attitudes, acceptability of GBV and&#xd;
knowledge about gender equality. The Wilcoxon contrast test, including significance and effect size, a Spearman&#xd;
Correlation and Linear Regression analyses were conducted. Results. Statistically significant changes between pre and&#xd;
post measures were obtained: an increase in socio-cultural and relational coeducational attitudes and also in equality&#xd;
knowledge, as well as a decrease in GBV acceptability. According to the findings from linear regression analysis, student&#xd;
teachers who scored higher in coeducational attitudes tended to show lower acceptability of GBV. Conclusions. The need&#xd;
for further designs of training programmes on gender equality is emphasised, and policy-makers and public authorities are&#xd;
called upon to raise awareness of the importance of Gender Equality Teaching (GET) and to develop clear guidelines for&#xd;
universities to address these issues.</subfield>
   </datafield>
   <datafield ind2=" " ind1=" " tag="520">
      <subfield code="a">Antecedentes. La educación en igualdad de género en las escuelas es la medida más eficaz para combatir la desigualdad&#xd;
y la violencia de género (VdG). El profesorado frecuentemente carece de los conocimientos y competencias necesarios&#xd;
en materia de igualdad. Objetivo. El objetivo de este estudio era desarrollar, aplicar y evaluar la eficacia de un programa&#xd;
piloto de igualdad de género para futuro profesorado. Método. Los datos fueron recogidos de una muestra de 113&#xd;
estudiantes universitarios de las titulaciones de Educación Infantil (41,6%) y Educación Primaria (58,4%), con edades&#xd;
comprendidas entre los 21 y los 40 años (M=22,46; DT=2,45). Mediante un diseño longitudinal, se analizó la eficacia del&#xd;
programa de formación en los siguientes temas: actitudes coeducativas, aceptabilidad de la violencia de género y&#xd;
conocimientos sobre igualdad de género. Los análisis incluyeron la prueba de contraste de Wilcoxon, pruebas de&#xd;
significación y de magnitud de cambio, Correlación de Spearman y Regresión lineal. Resultados. Se obtuvieron cambios&#xd;
estadísticamente significativos entre las medidas pre y post: un aumento de las actitudes coeducativas socioculturales y relacionales y también de los conocimientos sobre igualdad, así como una disminución de la aceptabilidad de la violencia&#xd;
de género. Según los resultados del análisis de regresión lineal, los estudiantes de educación que puntuaron más alto en&#xd;
actitudes coeducativas tendieron a mostrar una menor aceptabilidad de la violencia de género. Conclusiones. Se enfatiza&#xd;
la necesidad de seguir diseñando programas de formación sobre igualdad de género, así como la relevancia de que se&#xd;
formulen políticas y recomendaciones por parte de las autoridades educativas en relación a la coeducación junto con&#xd;
directrices claras para que las universidades puedan abordar estas cuestiones.</subfield>
   </datafield>
   <datafield ind1="8" ind2=" " tag="024">
      <subfield code="a">http://hdl.handle.net/20.500.14342/4844</subfield>
   </datafield>
   <datafield ind1="8" ind2=" " tag="024">
      <subfield code="a">https://doi.org/10.12795/revistafuentes.2025.25584</subfield>
   </datafield>
   <datafield tag="653" ind2=" " ind1=" ">
      <subfield code="a">Igualtat entre els sexes</subfield>
   </datafield>
   <datafield tag="653" ind2=" " ind1=" ">
      <subfield code="a">Professors -- Formació</subfield>
   </datafield>
   <datafield ind2="0" ind1="0" tag="245">
      <subfield code="a">Efficacy Assessment of a Training Pilot Program on Gender Equality for Teachers</subfield>
   </datafield>
</record></metadata></record></GetRecord></OAI-PMH>